000 00847nam a2200241Ia 4500
003 OSt
005 20220923212451.0
006 a|||||r|||| 00| 0
007 ta
008 220922b |||||||| |||| 00| 0 hin d
024 _a153,284
037 _cTextual
040 _aARTS
_cARTS
_bhin
041 _2hin
_ahin
082 _aO152v, M5-;1
100 _aवाजपेयी, नन्ददुलारे
_9156285
245 0 _aहिन्दी साहित्य का संक्षिप्त इतिहास
246 _aHindī sāhitya kā sankṣpunta itihāsa
260 _aनई दिल्ली
_b हिन्दी प्रकाशन
_c1985
300 _a127 पृ.
_ccm.
942 _hO152v, M5-;1
_cTEXL
_2CC
999 _c308931
_d308931